00306nam a2200121Ia 4500008004100000020001500041041001200056100001300068245004000081260004000121300000800161650001500169221030s9999 xx 000 0 und d a9339203089 aEnglish aS. Gupta 0aInternational Businesscby S. Gupta bMcGraw - Hill Pub.aNew Delhic2015 a650 aManagement